Estadísticas para Países con el mayor número de muertes relacionadas con el tráfico

Haz click aquí para intentar la prueba.

Estadísticas generales

  • Esta prueba ha sido intentada 2.044 veces
    (999 desde el último reinicio)
  • La puntuación promedio es 14 de 20

Estadísticas de respuestas

MuertesTasaPaís% Correcto
250.27217,4China
97%
45.40412,9Estados Unidos
96%
212.59615,6India
95%
17.50712,0Rusia
91%
16.30312,8México
89%
33.87116,0Brasil
86%
30.66811,3Indonesia
74%
28.17013,0Pakistán
73%
22.42832,2Tailandia
72%
13.01422,2Sudáfrica
71%
41.69320,7Nigeria
65%
17.80321,5Irán
63%
29.47530,6Vietnam
63%
25.02315,3Bangladés
62%
30.25634,9R.D. Congo
58%
13.01712,0Filipinas
51%
31.56428,2Etiopía
49%
14.88328,3Kenia
48%
18.05431,1Tanzania
42%
13.01229,4Uganda
25%

Distribución de puntuación

Porcentaje por número respondido

Porcentaje de gente con cada puntuación

Historial de tus puntuaciones

No has intentado esta prueba desde el último reinicio